Les stations des 10 plus grands domaines skiables de France - Statistiques

Statistiques générales
  • Ce quiz a été pris 114 fois
    92 depuis la dernière actualisation
  • Le résultat moyen est 19 sur 58
Statistiques - réponses
Réponse Domaine Km de piste du domaine % Correct
Courchevel Les Trois Vallées 600 km
91%
Val Thorens Les Trois Vallées 600 km
89%
Méribel Les Trois Vallées 600 km
87%
Les Menuires Les Trois Vallées 600 km
71%
La Plagne Paradiski 425 km
69%
Val d'isère Espace killy 300 km
69%
Tignes Espace Killy 300 km
67%
Avoriaz Les Portes du Soleil 600 km
64%
Les Arcs Paradiski 425 km
63%
Morzine Les Portes du Soleil 600 km
53%
Megève Évasion Mont-Blanc 445 km
51%
Alpe d'Huez Alpe d'Huez Grand Domaine Ski 250 km
47%
Les Gets Les Portes du Soleil 600 km
47%
Orelle Les Trois Vallées 600 km
46%
La Clusaz Les Aravis 220 km
44%
Le Grand-Bornand Les Aravis 220 km
43%
Flaine Grand Massif 265 km
41%
Châtel Les Portes du Soleil 600 km
39%
Saint Martin de Belleville Les Trois Vallées 600 km
34%
La Toussuire Les Sybelles 310 km
33%
Saint Gervais Évasion Mont-Blanc 445 km
33%
Samoëns Grand Massif 265 km
33%
Les Carroz Grand Massif 265 km
31%
Abondance Les Portes du Soleil 600 km
30%
Combloux Évasion Mont-Blanc 445 km
30%
Saint-Sorlin-d'Arves Les Sybelles 310 km
30%
Briançon Serre chevalier Vallée 250 km
29%
Le Corbier Les Sybelles 310 km
29%
La Chapelle d'Abondance Les Portes du Soleil 600 km
27%
Saint-Jean-d'Arves Les Sybelles 310 km
27%
Morillon Grand Massif 265 km
24%
Vaujany Alpe d'Huez Grand Domaine Ski 250 km
24%
Manigod Les Aravis 220 km
21%
Huez Alpe d'Huez Grand Domaine Ski 250 km
20%
La Giettaz Évasion Mont-Blanc 445 km
20%
Oz-en-Oisans Alpe d'Huez Grand Domaine Ski 250 km
20%
Sixt-Fer-à-Cheval Grand Massif 265 km
20%
Peisey Vallandry Paradiski 425 km
19%
Saint Jean d'Aulps Les Portes du Soleil 600 km
19%
Saint-Jean-de-Sixt Les Aravis 220 km
19%
Auris-en-Oisans Alpe d'Huez Grand Domaine Ski 250 km
17%
Les Bottières Les Sybelles 310 km
16%
Champery Les Portes du Soleil 600 km
14%
Saint Nicolas-de-Véroce Évasion Mont-Blanc 445 km
14%
Champoussin Les Portes du Soleil 600 km
13%
Monêtier-les-Bains Serre Chevalier Vallée 250 km
13%
Morgins Les Portes du Soleil 600 km
13%
Saint-Colomban-des-Villards Les Sybelles 310 km
13%
Villeneuve Serre Chevalier Vallée 250 km
13%
Chantemerle Serre Chevalier Vallée 250 km
11%
Cordon Évasion Mont-Blanc 445 km
11%
Torgon Les Portes du Soleil 600 km
11%
Villard-Reculas Alpe d'Huez Grand Domaine Ski 250 km
11%
Les Crosets Les Portes du Soleil 600 km
7%
Montriond Les Portes du Soleil 600 km
7%
Maronne Alpe d'Huez Grand Domaine Ski 250 km
4%
Val-d'Illiez Les Portes du Soleil 600 km
4%
Les Contamines Montjoies Évasion Mont-Blanc 445 km
3%
Aucun quiz correspondant
Distribution des résultats
% des personnes avec chaque résultat
Percentile par nombre de réponses
Votre historique - résultats
Vous n’avez pas pris ce quiz depuis la dernière actualisation